Szczegóły MARC21

Critique of the psycho-physical identity theory : a refutation of scienctific materialism and an establisment of mind-matter dualism by means of philosophy and scientific method /

003 -Nazwa inst., której nr kontr. jest w polu 001 [,]
    • @
    • Nazwa instytucji, której n kontrolny jest w polu 001
    • NUKAT
005 -DATA I CZAS OSTATNIEJ MODYFIKACJI [,]
    • @
    • pole kontrolne
    • 20241231105559.0
040 -Instytucja sporządzająca opis [ , ]
    • a
    • Instytucja, która sporządziła opis (NP)
    • KR U/47MO
    • c
    • Instytucja, która sporządziła rekord (NP)
    • KR U/47MO
044 -Kraj miejsca wydania [ , ]
    • a
    • Kraj miejsca wydania
    • Niderlandy
    • a
    • Kraj miejsca wydania
    • Francja
942 -Rodzaj dokumentu [ , ]
    • c
    • Rodzaj dokumentu
    • Książka
100 -Hasło główne - nazwa osobowa [1, ]
    • a
    • Nazwa osobowa (NP)
    • Polten, Eric P.
    • 9
    • KHW
    • 506257
245 -Strefa tytułu i oznaczenia odpowiedzialności [1,0]
    • a
    • Tytuł
    • Critique of the psycho-physical identity theory : Find
    • b
    • Ciąg dalszy tytułu (NP)
    • a refutation of scienctific materialism and an establisment of mind-matter dualism by means of philosophy and scientific method / Find
    • c
    • Pozostałe elementy strefy tytułu i oznaczenia odpowiedzialności (NP)
    • Eric P. Polten ; preface by John Eccles.
260 -Strefa adresu wydawniczego [ , ]
    • a
    • Miejsce wydania (P)
    • The Hague ;
    • a
    • Miejsce wydania (P)
    • Paris :
    • b
    • Nazwa wydawcy (P)
    • Mouton,
    • c
    • Data wydania (P)
    • cop. 1973.
300 -Strefa opisu fizycznego [ , ]
    • a
    • Określenie formy książki i/lub objętość (NP)
    • XVIII, 290 s. :
    • b
    • Oznaczenie ilustracji (NP)
    • il. ;
    • c
    • Format (NP)
    • 24 cm.
336 -Typ zawartości [ , ]
    • a
    • Termin opisujący typ zawartości
    • Tekst
    • b
    • Kod określający zawartość
    • txt
    • 2
    • Źródło (terminu i kodu)
    • rdacontent
337 -Typ mediów [ , ]
    • a
    • Tryb odtwarzania
    • Bez urządzenia pośredniczącego
    • b
    • Kod typu mediów
    • n
    • 2
    • Źródło (terminu i kodu)
    • rdamedia
338 -Typ/rodzaj nośnika [ , ]
    • a
    • Hasło opisujące typ nośnika
    • Wolumin
    • b
    • Kod typu nośnika
    • nc
    • 2
    • Źródło (terminu i kodu)
    • rdacarrier
490 -Strefa serii i książki wielotomowej - forma nie do wyszukiwania [1, ]
    • a
    • Tytuł (P)
    • New Babylon. Studies in the Social Science ; Find
    • v
    • Numeracja (P)
    • 14
830 -Hasło dodatkowe serii i opisu książki wielotomowej - tytuł ujednolicony/tytuł [ ,0]
    • a
    • Tytuł ujednolicony/tytuł (NP)
    • New Babylon
    • x
    • ISSN
    • 0077-801X
    • v
    • Oznaczenie tomu (NP)
    • 14
    • 9
    • KHW
    • 506258
504 -Uwaga dot. bibliogr. załącznikowej [ , ]
    • a
    • Uwaga dot. bibliografii załącznikowej
    • Bibliogr. s. [275]-281. Indeks.
080 -Uniwersalna Klasyfikacja Dziesiętna [ , ]
    • 2
    • Identyfikator wydania tablic
    • UDC - P058
    • a
    • Symbol klasyfikacji
    • 159.938
    • b
    • Dopowiedzenie
    • Psychofizyka. Psychometria.
980 -Symbol UKD [ , ]
    • a
    • UKD
    • 159.938
700 -Hasło dodatkowe - nazwa osobowa [1, ]
    • a
    • Nazwa osobowa (NP)
    • Eccles, John Carew Find
    • d
    • Daty biograficzne (NP)
    • (1903-1997).
    • e
    • Określenie rodzaju współpracy
    • Przedm.
    • 9
    • KHW
    • 234224
710 -Hasło dodatkowe - nazwa ciała zbiorowego [2, ]
    • a
    • Nazwa ciała zbiorowego lub nazwa geograficzna jako pierwszy element (NP)
    • Mouton Publishers.
    • 4
    • Kod relacji
    • pbl
    • 9
    • KHW
    • 74779
Numer inwentarzowy Status udost. Lokalizacja Data inwentaryzacji
Z.108591BG 
H.150761BNS2006-07-07